000 00358nam a2200157Ia 4500
100 _aChandrupatla/Tirupathi R
250 _a3
942 _cBK
654 _afinite element
245 _aIntroduction to finite elements in Engineering
260 _bPrentice Hall
_c2002
082 _a620.0015
_bCHA
300 _a453
546 _aENGLISH
999 _c19568
_d19568